000 00386nam a2200145Ia 4500
008 231129s1980||||xx |||||||||||||| ||spa||
020 _a84-7003-238-0
040 _bspa
082 _a631.3 B524m
100 _aBernat Juanos Carlos
245 0 _aMaquinaria para agricultura y jardineria
260 _c1980
264 _aAedos
942 _2ddc
_cBKS
999 _c20603
_d20603